Statystyki dla 20 Państw w których żyje najwięcej Żydów

Kliknij tutaj aby rozwiązać quiz!

Ogólne statystyki

  • Ten quiz został rozwiązany 302 razy
  • Średni wynik to 14 z 20

Statystyki odpowiedzi

Populacja
Żydów w
danym państwie
Odpowiedź% Poprawnych
6,6 mlnIzrael
97%
5,7 mlnUsa
91%
116 tys.Niemcy
90%
453 tys.Francja
87%
172 tys.Rosja
87%
30 tys.Włochy
85%
390,5 tys.Kanada
84%
290 tys.Wielka Brytania
81%
45 260Meksyk
79%
96 tys. (2007)Brazylia
78%
od 180 tys.Argentyna
74%
92 tys.Ukraina
72%
20 tys.Turcja
70%
104 tys. (2007)Australia
65%
24 tys.Holandia
62%
32 tys.Belgia
60%
21 tys.Chile
55%
71 tys.Republika Południowej Afryki
51%
45 tys.Białoruś
47%
20 tys.Etiopia
24%

Rozkład punktacji

Percentyl według liczby udzielonych odpowiedzi

Procent ludzi z każdym wynikiem

Twoja historia wyników

Nie rozwiązałeś tego quizu